Medical quiz - Statistics

General Stats
  • This quiz has been taken 455 times
  • The average score is 6 of 10
Answer Stats
Hint Answer % Correct
What does cardio refer to? The heart
99%
What is the coloured part of your eye? Iris
83%
How many bones do adults have? 206
77%
Where is the smallest bone found? Ear
76%
What does the suffix -itis mean? Inflammation
69%
What is contusion? A bruise
65%
What does EKG stand for? Electrocardiogram
62%
What does DNA stand for? Deoxyribonucleic acid
40%
What is the medical term for a scrape? Abrasion
23%
What is a hemorrhage? Excessive bleeding
8%
No matching quizzes found
Score Distribution
Percent of People with Each Score
Percentile by Number Answered
Your Score History
You have not taken this quiz